| 000 | | | 03845nmc2a22002413x 450 |
| 001 | | | 7a8f78cb-2404-4847-8fe9-a10673a39d07 |
| 005 | | | 20201006144416.0 |
| 100 | ## | $a | 20200225l18881889k l0rusy0189 ca |
| 101 | 0# | $a | rus |
| 102 | ## | $a | RU |
| 105 | ## | $a | y### |
| 122 | 2# | $a | d |
| 200 | 1# | $a | Дело о выдаче добавочного содержания к праздникам Рождества Христова и Святой Пасхи должностным лицам, канцелярским чиновникам и другим (согласно циркуляру по Министерству императорского двора от 24 апреля 1888 года за №450) |
| | $j | 11 апреля 1888 г. - 10 января 1889 г. |
| 215 | ## | $a | 19 л. |
| | $d | 36,5х26 см |
| 251 | ## | $c | Дело |
| 300 | ## | $a | На бланке обложки указано: "Дело Санкт-Петербургской конторы императорских театров" |
| 371 | ## | $a | Документ не является опубликованным и широко распространяемым |
| 461 | #0 | $1 | 0019264ebf8-de62-4f1a-9eb4-9f22098dbbd5 |
| | $1 | 2001 |
| | $a | Дирекция императорских театров МИДв |
| | $1 | 251 |
| | $c | Фонд |
| | $1 | 852 |
| | $j | 497 |
| 462 | #0 | $1 | 0016d2858c7-947f-46a8-934e-c3d97596ebca |
| | $1 | 2001 |
| | $a | Дирекция императорских театров (1879-1918 гг.) |
| | $1 | 251 |
| | $c | Опись |
| | $1 | 852 |
| | $j | 6 |
| 801 | #0 | $a | RU |
| | $b | РГИА |
| | $c | 20200225 |
| | $g | RCR |
| 801 | #1 | $a | RU |
| | $b | ГлавНИВЦ |
| | $c | 20200225 |
| | $2 | rusmarc |
| 801 | #2 | $a | RU |
| | $b | ПБ им. Б.Н. Ельцина |
| | $c | 20201006 |
| | $g | RCR |
| | $2 | rusmarc |
| 850 | ## | $a | РГИА |
| 852 | ## | $a | РГИА |
| | $e | Федеральное казенное учреждение "Российский государственный исторический архив" (РГИА) |
| | $j | 3940 |
| 937 | ## | $h | РГИА |
| | $d | 12339560 |
| | $a | ASBIBLIO_SCAN |
| 035 | ## | $a | RusGRCC00001409 |
| 856 | ## | $u | http://readingroom.main.prlib.ru/item.aspx?id_node=n147635014&mode=full |